Sanat - "Helsinki - Shangri-La" - Paleface - Statistics

Yleistilastot
  • Tätä visaa on pelattu 260 kertaa
  • Keskiarvotulos 104 / 206
Vastaustilastot
Vastaus % Oikein
Ku
93%
Helsingistä
92%
Kun
89%
kun
89%
Shangri-La
89%
tuodaan
89%
Shangri-La
88%
tehdään
88%
luodaan
87%
me
87%
ne
87%
niin
87%
Tallinnasta
87%
Helsingissä
85%
hyvinvointivaltiota
85%
hei
82%
ja
80%
Ja
80%
sillä
80%
julkisivuduunarit
79%
halvimmalla
75%
saadaan
75%
mistä
74%
hah
67%
jo
66%
se
63%
muutkin
61%
parasiitit
61%
hurahuh
60%
roihuu
59%
eduskuntatalon
58%
eessä
58%
makasiinit
58%
lepakot
57%
Hävitetään
56%
ei
52%
on
51%
romanialaisen
50%
kolmen
49%
kuin
49%
Tukiaisen
49%
Johanna
47%
sepän
47%
äänestyksen
46%
kodittoman
46%
maatalous
46%
Auvinen
45%
kakskakkosensa
45%
osti
45%
kaikki
44%
nilkkaan
44%
omaan
44%
Soinin
44%
takaa
44%
Timo
44%
mutta
43%
päästä
43%
ynnä
43%
katkolle
42%
kusee
42%
tuntee
42%
vilkkaan
42%
traumat
41%
jos
40%
Miksi
40%
jäästä
39%
maksuhäiriö
39%
vainaa
39%
Hursti
38%
ilmapiiri
38%
sulatellaan
38%
hiihto
37%
Pekka-Eric
37%
pelon
37%
pikavippi
37%
Veikko
37%
Halla-Aho
36%
hemohes
35%
katkokävelylle
35%
kodittomat
35%
Lahti
35%
luottokortit
35%
maahanmuuttopolitiikka
35%
Matti
35%
osta
35%
Pissiksillä
35%
pois
35%
Kauhajoen
34%
keväisin
34%
Suomen
34%
toistakymmentä
34%
uusi
34%
heitä
33%
karhukirje
33%
lainaa
33%
mieleen
33%
unholaan
33%
valtavasti
33%
aivosähköposti
32%
juolahtaakin
32%
klan
32%
Klux
32%
lahtas
32%
turvakameroilla
32%
vaipunut
32%
Piippo
31%
KRP
30%
MTV
30%
päihdepolitiikka
30%
sekä
29%
taantumuksen
29%
AD/HD
28%
Halme
28%
Pynnönen
28%
viiri
28%
visa
28%
instituutin
27%
sunnuntai
27%
yllä
27%
liehuu
26%
seiskapäivä
26%
subutex
26%
FPS
25%
halleluijah
25%
juhlii
25%
Sekos
25%
Yhteiskunnan
25%
Maamme
24%
nollatoleranssi
24%
vartiointiliikkeet
24%
idols
23%
oikeistopopulistit
23%
roviolle
23%
tarranliimaajat
23%
turhuuksien
23%
vasikka
23%
miehen
22%
putkaan
22%
talonvaltaajat
22%
valeosto
22%
vinkki
22%
viskipullo
22%
pamit
21%
Puonti
21%
Haider
20%
huutaa
20%
pervitiini
20%
haulikoille
19%
esivalta
18%
holhoava
18%
Holmlundin
17%
Jyri
15%
Kurtse
11%
Ehtoja vastaavia visoja ei löytynyt
Tulosjakauma
Jokaisen tuloksen saaneiden osuus
Persentiili vastausten määrän mukaan
Tuloshistoriasi
Et ole pelannut tätä visaa